000 01109nam a22002777a 4500
001 BD-DhSAU
003 BD-DhSAU
005 20241106123928.0
008 150420b2005 bg ||||| m||| 00| 0 eng d
040 _aBD-DhSAU
082 _222
_a636.085
_bUz9
100 _aHOSSEN, UZZAL
_eRegistration No. # 15-06788
245 _aEffect of feeding different level of black cumin on performance of japanese quail /
_bMS thesis
260 _aSher-e-Bangla Agricultural University:
_bDepartment of Animal nutrition, genetics and breeding,
_c2023.
300 _axii, 69p. ;
_c30 cm.
500 _aMS thesis of Department of animal nutrition, genetics and breeding, Faculty of Animal Science, Sher-e-Bangla Agricultural University, Dhaka, Bangladesh
504 _aIncludes bibliographical reference.
590 _aNazmul
650 _afeeding different level
651 _ablack cumin
654 _ajapanese quail
700 _aProf. Dr. Mofassara Akter
_eSuperviser
700 _aAssociate Prof. Dr. Al-Nur Md. Iftekhar Rahman
_eCo-superviser
942 _2ddc
_cTHESIS
999 _c17669
_d17668